Piosenki Juice WRLD - Nagła Śmierć - Statystyki

Ogólne statystyki
  • Ten quiz został rozwiązany 135 razy
  • Średni wynik to 8 z 16
Answers on the Grid
Answers color-coded by a green-red scale on the quiz's grid according to % correct below.
Lucid Dreams
All Girls Are The Same
SAD!
Hurt Feelings
Revenge
Hear Me Calling
Ring Ring
Taking A Walk
See You Again
Save Me
Feeling
Bandit
Empty
Robbery
Come & Go
Off Top
Candles
Stuff
Both Ways
Sometimes
Party By Myself
Fuck Love
Baby Are You Home
Glock In My Lap
Hope
Goodbye & Good Riddance
Sorry Not Sorry
Fast
Feel Alone
Congratulations
I Want It
Changes
 
Statystyki odpowiedzi
Odpowiedź % Poprawnych
Lucid Dreams
68%
All Girls Are The Same
66%
Robbery
66%
Empty
58%
Fast
56%
Feeling
55%
Bandit
53%
Come & Go
48%
Party By Myself
48%
Candles
47%
Hear Me Calling
47%
Ring Ring
44%
Sometimes
44%
I Want It
37%
Both Ways
34%
Feel Alone
32%
Nie znaleziono quizów pasujących do podanych kryteriów
Rozkład punktacji
Procent ludzi z każdym wynikiem
Percentyl według liczby udzielonych odpowiedzi
Twoja historia wyników
Nie rozwiązałeś tego quizu